000 00367pab a2200157 454500
008 180718b1998 xxu||||| |||| 00| 0 eng d
100 _aSharat Kumar
245 _aPanchayati raj and perspective planning
260 _c1998
300 _ap.72-73
362 _aApr
650 _aPanchayat - India
650 _aPanchayat
773 _aKurukshetra
909 _a37642
999 _c37642
_d37642